| 000 | 01930nam0a2200361 4500 | ||
|---|---|---|---|
| 001 | RU\NLR\bibl\1804123 | ||
| 005 | 20260408044254.0 | ||
| 010 |
_a978-5-91930-015-1 _9200 |
||
| 021 |
_aRU _b2011-56622 _94016 |
||
| 035 | _a(nilc)RSL-KNO-004977988 | ||
| 035 | _a(NLR Aleph) 001794776 | ||
| 090 |
_a1777003 _c1777003 |
||
| 100 | _a20110725d2011 |||y0rusy50 ca | ||
| 101 | 0 | _arus | |
| 102 | _aRU | ||
| 105 | _aa zzzz||||| | ||
| 200 | 1 |
_aСовременная система спортивной подготовки в биатлоне _eматериалы всероссийской научно-практической конференции [27-29 апреля 2011 г. _fотв. ред. В. А. Аикин] |
|
| 210 |
_aОмск _cИзд-во СибГУФК _d2011 |
||
| 215 |
_a299 с. _cил., цв. ил. _d29 |
||
| 300 | _aВ надзаг.: М-во спорта, туризма и молодежной политики Российской Федерации, Сибирский гос. ун-т физ. культуры и спорта, Союз биатлонистов России | ||
| 320 | _aБиблиогр. в конце ст. | ||
| 606 | 1 |
_aБиатлон _jСъезды, совещания и т.п. _xТренировка _91150571 _3RU\NLR\auth\66140961 |
|
| 686 |
_aЧ517.195.915я431(2Р) _2rubbk |
||
| 686 | _aЧ517.195.915я431 | ||
| 702 | 1 |
_aАикин _bВ. А. _gВладимир Анатольевич _4340 |
|
| 711 | 1 | 2 |
_a"Современная система спортивной подготовки в биатлоне", всероссийская научно-практическая конференция _f2011 _eОмск _3RU\NLR\AUTH\8810192567 _9275247 |
| 801 | 0 |
_aRU _bRuMoRKP _c20110725 _grcr |
|
| 801 | 1 |
_aRU _bRuMoRGB _c20110725 |
|
| 801 | 2 |
_aRU _bNLR _c20110831 _grcr |
|
| 942 | _cBOOK | ||
| 980 | _aNB | ||
| 980 | _aNBR | ||